Liczby od 1-10 w różnych językach! #5 Hiszpański - Statystyki

Ogólne statystyki
  • Ten quiz został rozwiązany 111 razy
  • Średni wynik to 8 z 10
Statystyki odpowiedzi
# Liczba % Poprawnych
1 Uno
100%
3 Tres
99%
2 Dos
97%
5 Cinco
78%
8 Ocho
78%
9 Nueve
77%
6 Seis
75%
7 Siete
74%
4 Cuatro
70%
10 Diez
70%
Nie znaleziono quizów pasujących do podanych kryteriów
Rozkład punktacji
Procent ludzi z każdym wynikiem
Percentyl według liczby udzielonych odpowiedzi
Twoja historia wyników
Nie rozwiązałeś tego quizu